<?xml version="1.0" encoding="UTF-8"?>
<record
    xmlns:xsi="http://www.w3.org/2001/XMLSchema-instance"
    xsi:schemaLocation="http://www.loc.gov/MARC21/slim http://www.loc.gov/standards/marcxml/schema/MARC21slim.xsd"
    xmlns="http://www.loc.gov/MARC21/slim">

  <leader>00606nam a2200133Ia 4500</leader>
  <controlfield tag="008">100328s9999    xx            000 0 und d</controlfield>
  <datafield tag="082" ind1=" " ind2=" ">
    <subfield code="b">73213</subfield>
  </datafield>
  <datafield tag="100" ind1=" " ind2=" ">
    <subfield code="a">&#x915;&#x93E;&#x933;&#x947; &#x905;&#x928;&#x93F;&#x932;-&#x905;&#x928;&#x941;.(&#x92E;&#x942;&#x933; &#x932;&#x947;&#x916;&#x915;-&#x938;&#x93F;&#x921;&#x928;&#x947; &#x936;&#x947;&#x932;&#x94D;&#x921;&#x928;)</subfield>
  </datafield>
  <datafield tag="245" ind1=" " ind2=" ">
    <subfield code="a">&#x91F;&#x947;&#x932; &#x92E;&#x940; &#x92F;&#x941;&#x905;&#x930; &#x921;&#x94D;&#x930;&#x940;&#x92E;&#x94D;&#x938; (Tell Me Your Dreams).</subfield>
  </datafield>
  <datafield tag="260" ind1=" " ind2=" ">
    <subfield code="b">&#x936;&#x94D;&#x930;&#x940;&#x930;&#x93E;&#x92E; &#x92C;&#x941;&#x915; &#x90F;&#x91C;&#x928;&#x94D;&#x938;&#x940;.</subfield>
  </datafield>
  <datafield tag="630" ind1=" " ind2=" ">
    <subfield code="a">&#x91F;&#x947;&#x932; &#x92E;&#x940; &#x92F;&#x941;&#x905;&#x930; &#x921;&#x94D;&#x930;&#x940;&#x92E;&#x94D;&#x938; (Tell Me Your Dreams).</subfield>
  </datafield>
  <datafield tag="730" ind1=" " ind2=" ">
    <subfield code="a">&#x91F;&#x947;&#x932; &#x92E;&#x940; &#x92F;&#x941;&#x905;&#x930; &#x921;&#x94D;&#x930;&#x940;&#x92E;&#x94D;&#x938; (Tell Me Your Dreams).</subfield>
  </datafield>
  <datafield tag="942" ind1=" " ind2=" ">
    <subfield code="c">BOOK</subfield>
  </datafield>
  <datafield tag="999" ind1=" " ind2=" ">
    <subfield code="c">558934</subfield>
    <subfield code="d">558931</subfield>
  </datafield>
  <datafield tag="952" ind1=" " ind2=" ">
    <subfield code="0">0</subfield>
    <subfield code="1">0</subfield>
    <subfield code="4">0</subfield>
    <subfield code="7">0</subfield>
    <subfield code="a">RNV</subfield>
    <subfield code="b">RNV</subfield>
    <subfield code="d">2010-03-28</subfield>
    <subfield code="l">0</subfield>
    <subfield code="p">RNV-73213</subfield>
    <subfield code="r">2010-03-28 00:00:00</subfield>
    <subfield code="w">2010-03-28</subfield>
    <subfield code="y">BOOK</subfield>
  </datafield>
</record>
